The Cheesecake Shop Ltd v Secretary of State for Communities and Local Government and another (Record no. 81732)
[ view plain ]
| 000 -LEADER | |
|---|---|
| fixed length control field | 02171cad a22002175a 4500 |
| 001 - CONTROL NUMBER | |
| control field | L148107 |
| 008 - FIXED-LENGTH DATA ELEMENTS--GENERAL INFORMATION | |
| fixed length control field | 090728e20090720xxk f v 000 0 eng d |
| 035 ## - SYSTEM CONTROL NUMBER | |
| System control number | (Sirsi) u148107 |
| 041 0# - LANGUAGE CODE | |
| Language code of text/sound track or separate title | eng |
| 245 04 - TITLE STATEMENT | |
| Title | The Cheesecake Shop Ltd v Secretary of State for Communities and Local Government and another |
| Medium | [electronic resource] |
| 260 ## - PUBLICATION, DISTRIBUTION, ETC. | |
| Date of publication, distribution, etc. | 2009 |
| 520 ## - SUMMARY, ETC. | |
| Summary, etc. | [2009] EWHC 1748 (Admin), 20 July 2009. The case relates to the existence of evidence to justify the decision of a planning inspector. Cheesecake Shop Ltd (C) had applied for planning permission for a development to Nottingham City Council (N) which refused it. C's appeal was dismissed by a planning inspector. C applied to quash the decision of this planning inspector and for judicial review of another decision of the same inspector refusing the award of its costs for the planning permission. C's premises were located in a regeneration zone. C had applied to demolish part of these premises and replace it with a two-storey extension. This was refused for two reasons. The proposed development would not form part of a comprehensive redevelopment scheme. It would increase acquisition costs if needed to enter into this redevelopment scheme. C argued against these reasons. "Held": applications granted. The inspector had no evidence that the grant of planning permission would increase the costs of a comprehensive redevelopment. The weight attached to material considerations was insufficient or inadequate. Her decisions in regard to the planning permission and the costs are quashed. N should pay C's costs related to the proceedings. |
| 590 ## - LOCAL NOTE (RLIN) | |
| Local note | KA |
| 650 24 - SUBJECT ADDED ENTRY--TOPICAL TERM | |
| Topical term or geographic name entry element | THE CHEESECAKE SHOP LTD V SOS FOR COMMUNITIES AND LOCAL GOVERNMENT |
| 650 24 - SUBJECT ADDED ENTRY--TOPICAL TERM | |
| Topical term or geographic name entry element | ALNWICK DISTRICT COUNCIL V SECRETARY OF STATE FOR THE ENVIRONMENT, TRANSPORT AND THE REGIONS |
| 650 24 - SUBJECT ADDED ENTRY--TOPICAL TERM | |
| Topical term or geographic name entry element | ASHBRIDGE INVESTMENTS LTD V MINISTER OF HOUSING AND LOCAL GOVERNMENT |
| 651 #4 - SUBJECT ADDED ENTRY--GEOGRAPHIC NAME | |
| Geographic name | England and Wales |
| Chronological subdivision | 1543- |
| 690 ## - LOCAL SUBJECT ADDED ENTRY--TOPICAL TERM (OCLC, RLIN) | |
| Topical term or geographic name as entry element | ENVIRONMENTAL AND LAND CONSULTANCY-PLANNING AND DEVELOPMENT-DEVELOPMENT CONTROL |
| 856 40 - ELECTRONIC LOCATION AND ACCESS | |
| Uniform Resource Identifier | <a href="https://www.bailii.org/ew/cases/EWHC/Admin/2009/1748.html">https://www.bailii.org/ew/cases/EWHC/Admin/2009/1748.html</a> |
| Public note | View the case free of charge at www.bailli.org... |
| 942 ## - ADDED ENTRY ELEMENTS (KOHA) | |
| Suppress in OPAC | 0 |
| Withdrawn status | Lost status | Source of classification or shelving scheme | Damaged status | Not for loan | Home library | Current library | Shelving location | Date acquired | Total Checkouts | Full call number | Barcode | Date last seen | Copy number | Price effective from | Koha item type |
|---|---|---|---|---|---|---|---|---|---|---|---|---|---|---|---|
| Dewey Decimal Classification | Virtual | Virtual | Online | 28/07/2009 | ONLINE PUBLICATION | 148107-2001 | 06/08/2019 | 1 | 06/08/2019 | Law report |